01585nam a2200361 a 4500001001000000003000500010005001700015008004100032010001100073011001100084040000900095090001000104100004100114245015300155260004100308500006000349502012000409590004100529590004000570590004000610650004800650650003500698650003700733650003200770650003300802856007000835901000700905942001000912942000600922999001900928952014000947952013601087000110394CHAP20220329144130.0140825s2014 mx a |sm |||||||spa d a106856 a107828 cCHAP aTesis1 aParedes Espejel, Mizael Jacob98550810aProducción de leche y queso panela de vacas jersey y sus cruzas con holstein en pastoreo organicoh[En línea]cpor Mizael Jacob Paredes Espejel. aChapingo, Méx. :bEl autor,c2014. aPara ver el contenido del material haga clic en la liga aTesis (M.C. en Innovaciones Ganadera) -- UACH. Departamento de Enseñanza, Investigación y Servicio en Zootecnia aBATCH-UPDb05c20141002lUCH01h0905 aE5652GLJb05c20140825lUCH01h1216 aE5652GLJb05c20140825lUCH01h121614aAlimentos y alimentación del ganado9432614aGanado lecheroxCruzas.94525314aGanado lecheroxPastoreo.94528414aLechexProducción.96540014aQuesoxProducción.9126159 aFinding aiduhttp://10.13.5.2/tesis/sist110394.pdfzTeclea aquí aBK cTESIS n0 c106856d106856 00102local4053708TESISaBCbBCcPA_TESISd2014-08-25fTESISl0oTesisp33724002418256r2019-12-31 00:00:00tc.2w2019-12-31yTESIS 00104054718TESISaBCbBCd2014-08-25fTESISl0oTesisp33724002418298r2019-12-31 00:00:00w2019-12-31yTESISzRecien adquirido